[Event "XXII Festival A"]
[Site "Arco ITA"]
[Date "2000.10.25"]
[Round "5"]
[White "Wagman, Stuart"]
[Black "Astengo, Marcello"]
[Result "0-1"]
[WhiteElo "2190"]
[BlackElo "2060"]
[PlyCount "62"]
[EventDate "2000.10.21"]

1. e4 e6 2. d4 d5 3. Nc3 Bb4 4. e5 Bf8 5. Nf3 c5 6. dxc5 Bxc5 7. Bd3 Nc6 8. O-O
f6 9. exf6 Nxf6 10. Bg5 O-O 11. Bh4 Nb4 12. Ne5 a6 13. Qe2 Qc7 14. Bg3 Bd6 15.
a3 Nc6 16. Nxc6 bxc6 17. Rfe1 a5 18. Na4 Bd7 19. Nc5 Bxg3 20. hxg3 Rae8 21. g4
Qf4 22. g3 Qd4 23. Nb3 Qxg4 24. Qxg4 Nxg4 25. Nc5 Bc8 26. f4 e5 27. c4 e4 28.
Bf1 Nf6 29. b4 axb4 30. axb4 d4 31. Bg2 31... Bf5 $138 0-1

[Event "XXII Festival A"]
[Site "Arco ITA"]
[Date "2000.10.26"]
[Round "6"]
[White "Antoniacci, Riccardo"]
[Black "Schaefer, Michael"]
[Result "0-1"]
[WhiteElo "2065"]
[BlackElo "2221"]
[PlyCount "88"]
[EventDate "2000.10.21"]

1. e4 c5 2. Nf3 e6 3. d3 Nc6 4. g3 d6 5. Bg2 Nf6 6. O-O Be7 7. Nbd2 O-O 8. Re1
Qc7 9. Nf1 Rb8 10. Bf4 e5 11. Bg5 Be6 12. Ne3 h6 13. Bxf6 Bxf6 14. Nd5 Bxd5 15.
exd5 Ne7 16. c4 b5 17. Nd2 Nf5 18. Ne4 Be7 19. b3 bxc4 20. dxc4 Nd4 21. Rc1 f5
22. Nc3 Bg5 23. Ra1 Bf6 24. Rc1 g6 25. Ne2 Qa5 26. Nxd4 cxd4 27. g4 Bg5 28. Ra1
Qd2 29. Qxd2 Bxd2 30. Red1 Bc3 31. Rab1 fxg4 32. Be4 Kg7 33. Kg2 Rf4 34. Bc2
Rbf8 35. Rf1 e4 36. b4 d3 37. Bb3 Bxb4 38. Rbd1 Bc5 39. Rd2 h5 40. Bd1 Kf6 41.
h3 gxh3+ 42. Kxh3 g5 43. Kg3 Kg6 44. f3 g4 0-1

[Event "XXII Festival A"]
[Site "Arco ITA"]
[Date "2000.10.26"]
[Round "6"]
[White "Astengo, Marcello"]
[Black "Molzahn, Norbert"]
[Result "1-0"]
[WhiteElo "2060"]
[BlackElo "2064"]
[PlyCount "41"]
[EventDate "2000.10.21"]

1. d4 b5 2. e4 Bb7 3. Bd3 Nf6 4. Qe2 e6 5. Nf3 a6 6. O-O Be7 7. Bg5 O-O 8. Nbd2
d6 9. e5 Nd5 10. Qe4 g6 11. Bh6 Re8 12. h4 Nd7 13. h5 dxe5 14. hxg6 f5 15. Qe2
e4 16. Nxe4 fxe4 17. Qxe4 Bf6 18. g7 Kf7 19. Qxh7 Rg8 20. Rfe1 Nb4 21. Ng5+ 1-0

[Event "XXII Festival A"]
[Site "Arco ITA"]
[Date "2000.10.26"]
[Round "6"]
[White "Bagaturov, Giorgi"]
[Black "Tukmakov, Vladimir B."]
[Result "1/2-1/2"]
[WhiteElo "2502"]
[BlackElo "2582"]
[PlyCount "36"]
[EventDate "2000.10.21"]

1. d4 Nf6 2. c4 e6 3. Nf3 b6 4. g3 Ba6 5. Nbd2 Bb4 6. Qc2 O-O 7. Bg2 d5 8. O-O
c5 9. dxc5 Bxc5 10. a3 Nbd7 11. Qa4 Bb7 12. b4 Bd6 13. Bb2 a5 14. Qb3 Qe7 15.
Rab1 axb4 16. axb4 Rac8 17. Rfd1 Rfd8 18. Ba1 dxc4 1/2-1/2

[Event "XXII Festival A"]
[Site "Arco ITA"]
[Date "2000.10.26"]
[Round "6"]
[White "Barucco, Mattia"]
[Black "Bondielli, Giorgio"]
[Result "1/2-1/2"]
[WhiteElo "1912"]
[BlackElo "1813"]
[PlyCount "89"]
[EventDate "2000.10.21"]

1. c4 e5 2. Nc3 f5 3. g3 Nf6 4. Bg2 c6 5. d3 Be7 6. f4 exf4 7. Bxf4 O-O 8. Nh3
Na6 9. a3 Nc5 10. b4 Ne6 11. Bd2 Ng4 12. O-O Bf6 13. Qc1 Qe8 14. Rb1 Qh5 15. e4
fxe4 16. Nxe4 Bd4+ 17. Kh1 Rxf1+ 18. Qxf1 d5 19. cxd5 cxd5 20. Nd6 Be3 21. Bxe3
Nxe3 22. Qg1 Nxg2 23. Qxg2 Bd7 24. Nf4 Nxf4 25. gxf4 Bg4 26. Kg1 Rd8 27. Nb5
Re8 28. Nd4 Re3 29. f5 Bf3 30. Nxf3 Qxf3 31. Qxf3 Rxf3 32. Rc1 Rxd3 33. Rc7
Rxa3 34. Rxb7 Ra6 35. Kf2 Rb6 36. Rxa7 Rxb4 37. Ke3 Rh4 38. Rd7 Rxh2 39. Rxd5
Kf7 40. Kf4 Rf2+ 41. Kg5 Rg2+ 42. Kf4 h5 43. Ra5 h4 44. Ra7+ Kg8 45. Ra3
1/2-1/2

[Event "XXII Festival A"]
[Site "Arco ITA"]
[Date "2000.10.26"]
[Round "6"]
[White "Casagrande, Fabio"]
[Black "Luciani, Carlo"]
[Result "0-1"]
[WhiteElo "1911"]
[BlackElo "2225"]
[PlyCount "52"]
[EventDate "2000.10.21"]

1. e4 e5 2. Nf3 Nc6 3. d4 exd4 4. Nxd4 Qf6 5. Nb5 Bc5 6. Qe2 Bb6 7. N1c3 Nge7
8. Be3 Ba5 9. Qd2 O-O 10. O-O-O a6 11. Nd4 b5 12. Nb3 Bxc3 13. bxc3 d6 14. Bd3
Qe6 15. Kb1 Ne5 16. Nd4 Qd7 17. Nf5 Nxf5 18. exf5 Nxd3 19. f6 Ne5 20. f4 Nc4
21. Qd5 Qf5 22. Qxa8 Na3+ 23. Ka1 Nxc2+ 24. Kb2 Nxe3 25. Rc1 Qxf6 26. Rhe1 Nc4+
0-1

[Event "XXII Festival A"]
[Site "Arco ITA"]
[Date "2000.10.26"]
[Round "6"]
[White "Coratella, Giuseppe"]
[Black "Drei, Andrea"]
[Result "0-1"]
[WhiteElo "2077"]
[BlackElo "2350"]
[PlyCount "56"]
[EventDate "2000.10.21"]

1. e4 c5 2. Nf3 e6 3. d4 cxd4 4. Nxd4 Nc6 5. Be3 Nf6 6. Nc3 d6 7. f3 Be7 8. Qd2
a6 9. O-O-O Qc7 10. g4 b5 11. g5 Nd7 12. f4 Na5 13. h4 b4 14. Na4 Bb7 15. Qd3
Nc5 16. Nxc5 dxc5 17. Nf3 Rd8 18. Qe2 Bxe4 19. Rxd8+ Qxd8 20. Bg2 Qa8 21. h5
O-O 22. Rg1 Qd5 23. b3 Rd8 24. Ne5 Bxg2 25. Rxg2 Nc6 26. g6 Nxe5 27. fxe5 Qxe5
28. gxf7+ Kxf7 0-1

[Event "XXII Festival A"]
[Site "Arco ITA"]
[Date "2000.10.26"]
[Round "6"]
[White "Crippa, Gabriele"]
[Black "Ketzscher, Roland"]
[Result "1/2-1/2"]
[WhiteElo "2136"]
[BlackElo "2214"]
[PlyCount "34"]
[EventDate "2000.10.21"]

1. d4 Nf6 2. Nf3 d5 3. Bg5 c5 4. dxc5 Nc6 5. Nbd2 e5 6. e4 Bxc5 7. exd5 Qxd5 8.
Bc4 Qd6 9. O-O O-O 10. Re1 Bg4 11. h3 Bh5 12. Bxf6 Qxf6 13. Ne4 Qe7 14. Nxc5
Qxc5 15. Qd5 Qxd5 16. Bxd5 Nb4 17. Rxe5 Nxc2 1/2-1/2

[Event "XXII Festival A"]
[Site "Arco ITA"]
[Date "2000.10.26"]
[Round "6"]
[White "Denes, Roberto"]
[Black "Pienabarca, Nicola"]
[Result "0-1"]
[WhiteElo "1498"]
[BlackElo "2030"]
[PlyCount "42"]
[EventDate "2000.10.21"]

1. d4 Nf6 2. c4 c5 3. d5 b5 4. b3 d6 5. Bb2 g6 6. f3 Bg7 7. e4 O-O 8. Bd3 bxc4
9. bxc4 Nbd7 10. Ne2 Nb6 11. Nbc3 Nfd7 12. Qc2 Ne5 13. O-O Nexc4 14. Bxc4 Nxc4
15. Bc1 Qa5 16. Rb1 Ba6 17. Re1 Rab8 18. Kf2 Ne5 19. Rd1 c4 20. Bd2 Nd3+ 21.
Kg1 Qc5+ 0-1

[Event "XXII Festival A"]
[Site "Arco ITA"]
[Date "2000.10.26"]
[Round "6"]
[White "Dickhoff, Ronald"]
[Black "Genocchio, Daniele"]
[Result "0-1"]
[WhiteElo "2273"]
[BlackElo "2201"]
[PlyCount "100"]
[EventDate "2000.10.21"]

1. d4 g6 2. c4 Bg7 3. Nf3 c5 4. d5 d6 5. Nc3 e6 6. e4 Ne7 7. Be2 O-O 8. Bg5 h6
9. Bd2 exd5 10. cxd5 Bg4 11. O-O Bxf3 12. Bxf3 Nd7 13. Be2 a6 14. a4 f5 15. Qc1
Kh7 16. Ra3 Qb6 17. a5 Qc7 18. f3 Rae8 19. Rd1 fxe4 20. fxe4 Ng8 21. Ra4 Qd8
22. Rf1 Rxf1+ 23. Bxf1 Bd4+ 24. Be3 Qf6 25. Qd2 Rf8 26. Be2 Qh4 27. g3 Bxe3+
28. Qxe3 Qh3 29. Nd1 Ne5 30. Nf2 Qd7 31. Ra1 Nf6 32. Kg2 Re8 33. Qf4 Kg7 34. h3
Nf7 35. h4 Nxd5 36. Qd2 Nb4 37. Qc3+ Ne5 38. Rd1 Nbc6 39. Ng4 Nd4 40. Nxe5 Rxe5
41. Re1 Rxe4 42. Bf3 Rxe1 43. Qxe1 Qf7 44. Bg4 Nc6 45. Qc3+ Ne5 46. Bc8 Qd5+
47. Kh2 Qc6 48. Be6 Kf6 49. Ba2 Qf3 50. Qd2 Ng4+ 0-1

[Event "XXII Festival A"]
[Site "Arco ITA"]
[Date "2000.10.26"]
[Round "6"]
[White "Diotallevi, Maurizio"]
[Black "Patelli, Alessandro"]
[Result "1/2-1/2"]
[WhiteElo "2090"]
[BlackElo "2244"]
[PlyCount "84"]
[EventDate "2000.10.21"]

1. d4 Nf6 2. c4 e6 3. Nc3 Bb4 4. Qc2 d5 5. cxd5 Qxd5 6. Nf3 Qf5 7. Qxf5 exf5 8.
a3 Be7 9. g3 c6 10. Bg2 h6 11. O-O Be6 12. Ne5 Nbd7 13. Nxd7 Kxd7 14. Rd1 Rhd8
15. f3 Ke8 16. Be3 g5 17. Kh1 a5 18. f4 Nd5 19. Nxd5 Bxd5 20. Rac1 Bxg2+ 21.
Kxg2 Rd5 22. Rd2 Rad8 23. Rdc2 Kd7 24. Bf2 Ke6 25. a4 Ra8 26. Rc3 Kd7 27. h3
Bd6 28. Kf3 f6 29. Rb3 Bb4 30. Rd3 Rg8 31. Rc2 Rd8 32. Kg2 Kc7 33. Kf3 R8d7 34.
Rd1 Re7 35. Rh1 Rd8 36. Rd1 Rde8 37. e3 Kd6 38. Rh1 h5 39. h4 g4+ 40. Ke2 Kd5
41. Kd3 c5 42. Rc4 Re6 1/2-1/2

[Event "XXII Festival A"]
[Site "Arco ITA"]
[Date "2000.10.26"]
[Round "6"]
[White "Dittmar, Peter"]
[Black "Djuric, Stefan"]
[Result "1/2-1/2"]
[WhiteElo "2364"]
[BlackElo "2461"]
[PlyCount "76"]
[EventDate "2000.10.21"]

1. c4 b6 2. e4 Bb7 3. Nc3 e6 4. g3 Bb4 5. Nge2 f5 6. Bg2 Nf6 7. d3 fxe4 8. O-O
O-O 9. dxe4 Nc6 10. a3 Be7 11. h3 e5 12. Nd5 a5 13. Rb1 Ba6 14. Qc2 Kh8 15. Bd2
Bc5 16. b4 axb4 17. axb4 Nd4 18. Qd3 Nxe2+ 19. Qxe2 Bd4 20. Be3 Nxd5 21. exd5
Bxe3 22. fxe3 d6 23. Rxf8+ Qxf8 24. Rf1 Qd8 25. Be4 g6 26. Bf3 Bc8 27. Bg4 b5
28. Bxc8 Rxc8 29. e4 bxc4 30. Qxc4 c5 31. bxc5 Rxc5 32. Qa6 Qb8 33. Rf2 Kg7 34.
Qe2 Rc3 35. Kg2 Qc8 36. Qa2 Qb7 37. Qd2 Rc7 38. Qg5 Rf7 1/2-1/2

[Event "XXII Festival A"]
[Site "Arco ITA"]
[Date "2000.10.26"]
[Round "6"]
[White "Haldemann, Paul"]
[Black "Valenti, Giuseppe"]
[Result "1/2-1/2"]
[WhiteElo "2231"]
[BlackElo "2190"]
[PlyCount "38"]
[EventDate "2000.10.21"]

1. d4 Nf6 2. c4 e6 3. Nc3 Bb4 4. e3 O-O 5. Bd3 c5 6. Nf3 d5 7. O-O Nc6 8. a3
Bxc3 9. bxc3 dxc4 10. Bxc4 Qc7 11. Ba2 e5 12. h3 e4 13. Nh2 Bf5 14. Ng4 Bxg4
15. hxg4 h6 16. Rb1 Rfd8 17. Rb5 Ne5 18. f3 Nxf3+ 19. gxf3 Qg3+ 1/2-1/2

[Event "XXII Festival A"]
[Site "Arco ITA"]
[Date "2000.10.26"]
[Round "6"]
[White "Lettich, Sergio"]
[Black "Schlichthaar, Robert"]
[Result "0-1"]
[WhiteElo "2078"]
[BlackElo "2198"]
[PlyCount "122"]
[EventDate "2000.10.21"]

1. d4 f5 2. c4 e6 3. Nc3 Nf6 4. g3 c6 5. Bg2 d5 6. cxd5 cxd5 7. Nf3 Bd6 8. O-O
O-O 9. Bd2 Nc6 10. e3 h6 11. a3 g5 12. Ne2 Ne4 13. Ne1 Qf6 14. f3 Nxd2 15. Qxd2
b6 16. b4 Ba6 17. Nd3 f4 18. Rfe1 fxe3 19. Qxe3 e5 20. dxe5 Nxe5 21. Nxe5 Bxe5
22. Rad1 Rad8 23. Nc1 Rfe8 24. Qb3 Bc4 25. Qc2 Kg7 26. Nd3 Bc3 27. Rxe8 Rxe8
28. Nc1 Re3 29. h3 Bd4 30. Kh2 Qe5 31. Qa4 b5 32. Qa6 Re1 33. Qb7+ Kg6 34. Qc6+
Kf7 35. Qd7+ Kf6 36. Qd8+ Kf7 37. Qd7+ Kg6 38. Qc6+ Kg7 39. Qd7+ Kf6 40. Qc6+
Ke7 41. Qb7+ Kd8 42. Rxe1 Qxe1 43. Qb8+ Kd7 44. Qb7+ Ke8 45. Qc8+ Kf7 46. Qf5+
Ke7 47. Qh7+ Kd8 48. Qg8+ Qe8 49. Qh7 Qh8 50. Qb7 Qe5 51. Qf7 Bf2 52. Qf8+ Kc7
53. f4 gxf4 54. gxf4 Qd6 55. Qg7+ Kb6 56. Qg4 Be3 57. Ne2 Bxe2 58. Qxe2 Qxf4+
59. Kh1 Qf2 60. Qd1 Qd2 61. Qf3 Qe1+ 0-1

[Event "XXII Festival A"]
[Site "Arco ITA"]
[Date "2000.10.26"]
[Round "6"]
[White "Lovati, Paolo"]
[Black "Pegoraro, Nicola"]
[Result "1/2-1/2"]
[WhiteElo "2084"]
[BlackElo "2062"]
[PlyCount "122"]
[EventDate "2000.10.21"]

1. c4 e5 2. g3 g6 3. Bg2 Bg7 4. Nc3 Nc6 5. e3 Nge7 6. Nge2 O-O 7. O-O d6 8. d3
Be6 9. Nd5 Qd7 10. Qa4 Nxd5 11. cxd5 Nd4 12. Qd1 Nxe2+ 13. Qxe2 Bh3 14. Bxh3
Qxh3 15. Bd2 Qd7 16. a4 c5 17. dxc6 bxc6 18. b4 Rab8 19. Rfc1 Rfc8 20. Ra2 Bf8
21. Bc3 Qe6 22. Rb2 Rb7 23. e4 f5 24. exf5 gxf5 25. d4 e4 26. Qa6 Rbc7 27. Bd2
Bh6 28. Bxh6 Qxh6 29. Rbc2 Qg7 30. d5 c5 31. Qxd6 c4 32. Qe6+ Qf7 33. Qe5 Qd7
34. d6 Rc6 35. Qd5+ Qf7 36. Qxf7+ Kxf7 37. d7 Rd8 38. Rxc4 Rxc4 39. Rxc4 Rxd7
40. b5 Ke6 41. Rc6+ Kd5 42. Kf1 Kd4 43. Ke2 Ke5 44. Rc5+ Ke6 45. a5 Rd3 46.
Rc6+ Ke5 47. Rc7 Rb3 48. Rxh7 Rxb5 49. Rxa7 Rb2+ 50. Kf1 Rb1+ 51. Kg2 Rb2 52.
a6 Ra2 53. Re7+ Kf6 54. Rb7 Rxa6 55. Rb2 Rc6 56. Re2 Rc3 57. Re3 Rc2 58. g4 Kg5
59. gxf5 Kxf5 60. Rg3 Ra2 61. Rg7 e3 1/2-1/2

[Event "XXII Festival A"]
[Site "Arco ITA"]
[Date "2000.10.26"]
[Round "6"]
[White "Piankov, Evgenij"]
[Black "Ager, Josef"]
[Result "1/2-1/2"]
[WhiteElo "2365"]
[BlackElo "2195"]
[PlyCount "111"]
[EventDate "2000.10.21"]

1. d4 Nf6 2. Nf3 g6 3. Bg5 Ne4 4. Bh4 Bg7 5. Nbd2 d5 6. e3 Nd6 7. Bd3 Bf5 8.
Qe2 Nd7 9. e4 dxe4 10. Nxe4 Bxe4 11. Bxe4 Nxe4 12. Qxe4 c6 13. O-O Nf6 14. Qe2
O-O 15. Rfe1 Re8 16. Rad1 Qa5 17. a3 Qb6 18. c4 a5 19. Rd3 Rad8 20. Bg3 Nh5 21.
Red1 Nxg3 22. hxg3 e6 23. b3 Qc7 24. Qe3 b5 25. Rc1 Qe7 26. a4 bxa4 27. bxa4
Qb4 28. Ne5 Bxe5 29. Qxe5 c5 30. Rdd1 Rxd4 31. Rxd4 cxd4 32. Qxd4 Rc8 33. Qc3
Qxa4 34. c5 Qb4 35. Qe5 a4 36. c6 a3 37. c7 Qb2 38. Qxb2 axb2 39. Rb1 Rxc7 40.
Rxb2 Rc1+ 41. Kh2 h5 42. Rb4 Rf1 43. f3 Kg7 44. g4 hxg4 45. Rxg4 f5 46. Ra4 Kf6
47. Ra2 g5 48. Ra5 f4 49. Rb5 Rd1 50. Rb8 Re1 51. Rf8+ Ke7 52. Rg8 Re5 53. Kh3
Kf7 54. Ra8 Re2 55. Rb8 Ra2 56. Rc8 1/2-1/2

[Event "XXII Festival A"]
[Site "Arco ITA"]
[Date "2000.10.26"]
[Round "6"]
[White "Ragonese, Lucio Rosario"]
[Black "Pernigotti, Carlo"]
[Result "1-0"]
[WhiteElo "1956"]
[BlackElo "2199"]
[PlyCount "59"]
[EventDate "2000.10.21"]

1. d4 f5 2. e4 fxe4 3. Nc3 Nf6 4. Bg5 d5 5. Bxf6 exf6 6. Qh5+ g6 7. Qxd5 Bb4 8.
Qxe4+ Qe7 9. Qxe7+ Kxe7 10. Bc4 Bxc3+ 11. bxc3 Nc6 12. Ne2 Re8 13. O-O Bd7 14.
Nf4 Kd6 15. Rfe1 g5 16. Nh5 Rxe1+ 17. Rxe1 Rf8 18. Ng3 f5 19. Kf1 Na5 20. Bd3
Be6 21. Bxf5 Bxa2 22. Re5 Bd5 23. Bxh7 Nc4 24. Nf5+ Kc6 25. Ne7+ Kd6 26. Rxd5+
Kxe7 27. Rc5 Nd6 28. h3 Rh8 29. Rxc7+ Ke8 30. Rg7 1-0

[Event "XXII Festival A"]
[Site "Arco ITA"]
[Date "2000.10.26"]
[Round "6"]
[White "Rigo, Janos"]
[Black "Kleibaumhueter, Klaus"]
[Result "1-0"]
[WhiteElo "2309"]
[BlackElo "2187"]
[PlyCount "107"]
[EventDate "2000.10.21"]

1. e4 e6 2. Qe2 c5 3. f4 Nc6 4. Nf3 Nf6 5. g3 d5 6. e5 Nd7 7. Bg2 Be7 8. O-O
O-O 9. d3 Qc7 10. c3 f6 11. Bh3 Nd8 12. exf6 Nxf6 13. Ng5 Kh8 14. Na3 a6 15.
Re1 Bd6 16. Bd2 Re8 17. c4 e5 18. Bxc8 Rxc8 19. cxd5 b5 20. f5 Qb7 21. Ba5 Qxd5
22. Nc2 Nc6 23. Ne3 Qg8 24. Bc3 b4 25. Bd2 Nd4 26. Qg2 Bb8 27. b3 Rcd8 28. Rac1
h6 29. Ne4 Nxe4 30. dxe4 Qf8 31. Nd5 Rxd5 32. exd5 Qxf5 33. Rf1 Qd3 34. Rce1 e4
35. Kh1 Nc2 36. Re2 Qxd5 37. Ref2 Bd6 38. Bxh6 gxh6 39. Rxc2 a5 40. Rd2 Qe6 41.
Re2 c4 42. bxc4 Qxc4 43. Qh3 Bf8 44. Qh5 Qc6 45. Qxa5 e3+ 46. Kg1 Qe4 47. Qf5
Qc4 48. Qc2 Qb5 49. Rf5 Qd7 50. Rf3 Qd5 51. Rf5 Qd7 52. Rf4 Qd5 53. Qb2+ Kh7
54. Qb3 1-0

[Event "XXII Festival A"]
[Site "Arco ITA"]
[Date "2000.10.26"]
[Round "6"]
[White "Roos, Michael"]
[Black "Inkiov, Ventzislav V."]
[Result "0-1"]
[WhiteElo "2244"]
[BlackElo "2419"]
[PlyCount "96"]
[EventDate "2000.10.21"]

1. d4 Nf6 2. c4 e6 3. Nc3 Bb4 4. Qc2 Nc6 5. Nf3 d5 6. cxd5 exd5 7. Bg5 h6 8.
Bxf6 Qxf6 9. a3 Bxc3+ 10. Qxc3 Bg4 11. Ne5 Nxe5 12. dxe5 Qb6 13. e3 c5 14. Bd3
O-O 15. h3 Be6 16. O-O Rfd8 17. Rad1 d4 18. exd4 Rxd4 19. Bc2 Rad8 20. f4 Bf5
21. Kh2 h5 22. h4 g6 23. Rc1 Bxc2 24. Rxc2 c4 25. Rff2 Qe6 26. Rcd2 Rd3 27. Qa5
b6 28. Rxd3 cxd3 29. Qd2 Qd5 30. Rf3 Qe4 31. Kg3 Rd4 32. Kf2 Qf5 33. g3 Qh3 34.
Kg1 Qf5 35. Re3 a5 36. Kg2 b5 37. Kg1 b4 38. axb4 axb4 39. Kg2 b3 40. Kg1 Qd7
41. Kf2 Qd5 42. Rf3 Qc5 43. Re3 Qc2 44. Ke1 Qb1+ 45. Kf2 Qc2 46. Ke1 Rd7 47.
Rf3 Qb1+ 48. Kf2 Rc7 0-1

[Event "XXII Festival A"]
[Site "Arco ITA"]
[Date "2000.10.26"]
[Round "6"]
[White "Scharrer, Patrick"]
[Black "Dalponte, Dino"]
[Result "1/2-1/2"]
[WhiteElo "1825"]
[BlackElo "2142"]
[PlyCount "93"]
[EventDate "2000.10.21"]

1. e4 e6 2. d4 d5 3. Nd2 Bd7 4. e5 c5 5. c3 Nc6 6. Ndf3 Qb6 7. Ne2 Rc8 8. g3
cxd4 9. cxd4 Nb4 10. Nc3 Ne7 11. a3 Na6 12. Bd3 Nc7 13. Qe2 a6 14. O-O Nb5 15.
Nxb5 Bxb5 16. a4 Bxd3 17. Qxd3 Nc6 18. Bd2 Be7 19. Bc3 Na5 20. Bxa5 Qxa5 21.
Qb3 Qb4 22. Qxb4 Bxb4 23. Rac1 Ke7 24. Rfd1 Rhd8 25. Kf1 Rc6 26. Rxc6 bxc6 27.
Rc1 Rc8 28. Ne1 Bxe1 29. Kxe1 Kd7 30. Rc5 Kc7 31. Kd2 Rb8 32. Kc3 f6 33. exf6
gxf6 34. f4 Kd6 35. b4 h5 36. Kb3 h4 37. Ka3 hxg3 38. hxg3 Rh8 39. Ra5 Rh3 40.
Rxa6 Rxg3+ 41. Kb2 Kc7 42. b5 cxb5 43. axb5 Re3 44. f5 exf5 45. Rxf6 Rd3 46.
Rxf5 Rxd4 47. Kc3 1/2-1/2

[Event "XXII Festival A"]
[Site "Arco ITA"]
[Date "2000.10.26"]
[Round "6"]
[White "Sprea, Giuseppe"]
[Black "Wagman, Stuart"]
[Result "1/2-1/2"]
[WhiteElo "1930"]
[BlackElo "2190"]
[PlyCount "42"]
[EventDate "2000.10.21"]

1. d4 d5 2. c4 c6 3. cxd5 cxd5 4. Nf3 Nf6 5. Nc3 Nc6 6. Bf4 Bf5 7. e3 e6 8. Bb5
Nd7 9. Rc1 Be7 10. a3 O-O 11. O-O Rc8 12. Bd3 Bxd3 13. Qxd3 Nf6 14. Ne5 Nxe5
15. Bxe5 Nd7 16. Bg3 a6 17. Ne2 Qb6 18. Rc2 Rc6 19. Rfc1 Rfc8 20. Rxc6 Rxc6 21.
Rxc6 bxc6 1/2-1/2

[Event "XXII Festival A"]
[Site "Arco ITA"]
[Date "2000.10.26"]
[Round "6"]
[White "Tocco, Paolo"]
[Black "Jens, Jelmer"]
[Result "1/2-1/2"]
[WhiteElo "2139"]
[BlackElo "2280"]
[PlyCount "62"]
[EventDate "2000.10.21"]

1. e4 e6 2. d4 d5 3. Nd2 Nf6 4. e5 Nfd7 5. Bd3 c5 6. c3 Nc6 7. Ngf3 g6 8. h4
Bg7 9. h5 Qb6 10. hxg6 hxg6 11. Rxh8+ Bxh8 12. Qb3 Qxb3 13. axb3 cxd4 14. cxd4
g5 15. Bb5 g4 16. Bxc6 bxc6 17. Nh2 g3 18. Ng4 gxf2+ 19. Kxf2 c5 20. dxc5 Nxc5
21. Ke3 Nd7 22. Nf3 Rb8 23. Bd2 Rxb3+ 24. Bc3 Bg7 25. Rxa7 Bf8 26. Nd4 Rb8 27.
Kd3 Nc5+ 28. Kc2 Ne4 29. Nf6+ Nxf6 30. exf6 Bc5 31. Ra1 e5 1/2-1/2

[Event "XXII Festival A"]
[Site "Arco ITA"]
[Date "2000.10.26"]
[Round "6"]
[White "Tomescu, Vlad"]
[Black "Slobodjan, Roman"]
[Result "1/2-1/2"]
[WhiteElo "2432"]
[BlackElo "2541"]
[PlyCount "144"]
[EventDate "2000.10.21"]

1. e4 e5 2. Nc3 Nc6 3. Bc4 Nf6 4. d3 Na5 5. Nge2 c6 6. a3 Nxc4 7. dxc4 Be7 8.
Qd3 d6 9. f3 Be6 10. Be3 Qa5 11. g4 Rd8 12. g5 Nh5 13. Rg1 d5 14. cxd5 cxd5 15.
Qb5+ Qxb5 16. Nxb5 d4 17. Nc7+ Kd7 18. Nxe6 Kxe6 19. Bd2 d3 20. Nc3 Bc5 21. Rg2
Bd4 22. cxd3 Bxc3 23. Bxc3 Rxd3 24. Rd1 Rhd8 25. Rgd2 Nf4 26. Rxd3 Nxd3+ 27.
Kf1 Rd6 28. Rd2 g6 29. h4 f6 30. gxf6 Kxf6 31. f4 Ke6 32. fxe5 Nxe5 33. Rxd6+
Kxd6 34. Kg2 Nc6 35. Kg3 Nd8 36. Kg4 Ne6 37. h5 gxh5+ 38. Kxh5 Nc5 39. e5+ Kd5
40. Kg5 Ke6 41. Kf4 Nd7 42. Bd4 a6 43. a4 Nb8 44. Bc3 Nc6 45. b4 Ne7 46. Kg5
Nd5 47. Be1 Kxe5 48. Kh6 Nf6 49. b5 axb5 50. axb5 Kf5 51. Bc3 Ke6 52. Bb2 Kf7
53. Ba1 Ke6 54. Bb2 Nd7 55. Kxh7 Kd5 56. Kg6 Kc4 57. Kf5 Kxb5 58. Ke6 Kc6 59.
Ba3 b6 60. Be7 b5 61. Ba3 Nb6 62. Bf8 Nc4 63. Be7 Nd2 64. Ke5 Nb3 65. Bb4 Nc5
66. Kd4 Ne6+ 67. Ke5 Nd8 68. Kd4 Ne6+ 69. Ke5 Nc7 70. Kd4 Nd5 71. Bf8 Nf4 72.
Bb4 Ne6+ 1/2-1/2

[Event "XXII Festival A"]
[Site "Arco ITA"]
[Date "2000.10.26"]
[Round "6"]
[White "Trauth, Michael"]
[Black "Kloster, Josef"]
[Result "0-1"]
[WhiteElo "2221"]
[BlackElo "2135"]
[PlyCount "59"]
[EventDate "2000.10.21"]

1. Nf3 f5 2. d3 Nf6 3. e4 e5 4. Nxe5 Qe7 5. Nf3 fxe4 6. dxe4 Qxe4+ 7. Be2 Bc5
8. O-O O-O 9. Nc3 Qe7 10. Bc4+ Kh8 11. Bg5 c6 12. Qd2 d5 13. Rfe1 Qc7 14. Bd3
Bg4 15. Bf4 Bd6 16. Bxd6 Qxd6 17. Nd4 Na6 18. Qg5 Bd7 19. Re2 Nc5 20. Rae1 Rae8
21. Bf5 Rxe2 22. Rxe2 Re8 23. Rxe8+ Bxe8 24. h4 Qe5 25. Nf3 Qe7 26. Qf4 g6 27.
Bh3 Kg7 28. Qb8 b6 29. b4 Ncd7 30. a3 0-1

[Event "XXII Festival A"]
[Site "Arco ITA"]
[Date "2000.10.27"]
[Round "7"]
[White "Ager, Josef"]
[Black "Lazarev, Vladimir"]
[Result "0-1"]
[WhiteElo "2195"]
[BlackElo "2501"]
[PlyCount "74"]
[EventDate "2000.10.21"]

1. d4 Nf6 2. c4 c5 3. d5 b5 4. Nd2 e6 5. e4 bxc4 6. Bxc4 exd5 7. exd5 Bb7 8.
Qb3 Qb6 9. Qe3+ Be7 10. Ne2 Bxd5 11. O-O Nc6 12. Nf4 Bxc4 13. Nxc4 Qc7 14. Rd1
O-O 15. b3 Rfe8 16. Bb2 Bd6 17. Nxd6 Rxe3 18. fxe3 Nd4 19. Bxd4 cxd4 20. Rxd4
Qc3 21. Rad1 Qxe3+ 22. Kf1 g6 23. Nd5 Nxd5 24. Rxd5 Qe6 25. b4 a6 26. a4 Rb8
27. b5 axb5 28. axb5 Qe3 29. R5d3 Qb6 30. Ra1 f5 31. h3 Qc5 32. Rad1 Ra8 33.
Rd5 Qc7 34. R5d2 Qb6 35. Re2 Kf8 36. Red2 h5 37. Rd4 Ra2 0-1

[Event "XXII Festival A"]
[Site "Arco ITA"]
[Date "2000.10.27"]
[Round "7"]
[White "Bondielli, Giorgio"]
[Black "Di Lao, Riccardo"]
[Result "1-0"]
[WhiteElo "1813"]
[BlackElo "2138"]
[PlyCount "100"]
[EventDate "2000.10.21"]

1. e4 c5 2. d4 cxd4 3. c3 dxc3 4. Nxc3 Nc6 5. Nf3 e6 6. Bc4 a6 7. O-O Nge7 8.
Bg5 Qc7 9. Qe2 Ng6 10. Rac1 h6 11. Be3 b5 12. Bd3 Be7 13. Nd5 exd5 14. exd5 O-O
15. dxc6 dxc6 16. Qc2 Bb7 17. Bxh6 Nf4 18. Bxf4 Qxf4 19. Be4 Bd6 20. g3 Qg4 21.
Nh4 Rfe8 22. Bf3 Qg5 23. b3 g6 24. Rfe1 Bb4 25. Rxe8+ Rxe8 26. Rd1 Qf6 27. Qd3
Kg7 28. Ng2 Bc8 29. Bxc6 Qxc6 30. Qd4+ Kg8 31. Qxb4 Bb7 32. f3 Qxf3 33. Qd2 Re2
34. Qd8+ Kg7 35. Qd4+ Kf8 36. Qd8+ Re8 37. Qd6+ Kg8 38. Qd2 Kh7 39. Rf1 Qxg2+
40. Qxg2 Bxg2 41. Kxg2 Re2+ 42. Rf2 Rxf2+ 43. Kxf2 b4 44. Ke3 Kh6 45. Kd4 f5
46. Kc4 g5 47. Kxb4 f4 48. gxf4 gxf4 49. Kc4 Kh5 50. Kd3 Kg4 1-0

[Event "XXII Festival A"]
[Site "Arco ITA"]
[Date "2000.10.27"]
[Round "7"]
[White "Cocchi, Andrea"]
[Black "Haldemann, Paul"]
[Result "1-0"]
[WhiteElo "2254"]
[BlackElo "2231"]
[PlyCount "87"]
[EventDate "2000.10.21"]

1. e4 c5 2. c4 e6 3. Nc3 Nf6 4. Nf3 Nc6 5. d3 d6 6. g3 Be7 7. Bg2 O-O 8. O-O
Qc7 9. d4 cxd4 10. Nxd4 a6 11. b3 Bd7 12. Bb2 Rab8 13. Rc1 Qa5 14. Nxc6 Bxc6
15. Qd2 Kh8 16. Rfd1 Rfc8 17. Qe2 Rc7 18. a3 b5 19. e5 dxe5 20. Bxc6 Rxc6 21.
cxb5 axb5 22. Qxe5 Qc7 23. Nd5 Qxe5 24. Bxe5 Rxc1 25. Rxc1 Bxa3 26. Ra1 Nxd5
27. Bxb8 b4 28. Be5 h6 29. Ra2 Kh7 30. Bb2 Bxb2 31. Rxb2 Kg6 32. Rc2 Kf5 33.
Rc4 g5 34. f3 h5 35. h3 Ke5 36. h4 f6 37. Kf2 Kd6 38. Ke2 Ke5 39. Kd3 Kf5 40.
Re4 gxh4 41. Rxh4 Kg5 42. Kc4 f5 43. f4+ Kg6 44. Rh1 1-0

[Event "XXII Festival A"]
[Site "Arco ITA"]
[Date "2000.10.27"]
[Round "7"]
[White "Dalponte, Dino"]
[Black "Barucco, Mattia"]
[Result "1/2-1/2"]
[WhiteElo "2142"]
[BlackElo "1912"]
[PlyCount "34"]
[EventDate "2000.10.21"]

1. d4 Nf6 2. Nf3 g6 3. Bg5 Bg7 4. e3 d6 5. Bc4 Nbd7 6. Nbd2 O-O 7. c3 c5 8. O-O
a6 9. a4 b6 10. e4 cxd4 11. Nxd4 Nc5 12. Bxf6 Bxf6 13. b4 Nb7 14. Bd5 Qc7 15.
Rc1 Bd7 16. Qb3 e6 17. Bxb7 Qxb7 1/2-1/2

[Event "XXII Festival A"]
[Site "Arco ITA"]
[Date "2000.10.27"]
[Round "7"]
[White "Djuric, Stefan"]
[Black "Schaefer, Michael"]
[Result "1-0"]
[WhiteElo "2461"]
[BlackElo "2221"]
[PlyCount "39"]
[EventDate "2000.10.21"]

1. Nf3 Nf6 2. c4 g6 3. Nc3 Bg7 4. e4 e5 5. Nxe5 Qe7 6. d4 d6 7. Nf3 Nxe4 8. Nd5
Qd8 9. Bd3 O-O 10. O-O Nf6 11. Bg5 c6 12. Nxf6+ Bxf6 13. Qd2 Bxg5 14. Nxg5 Qf6
15. Rae1 Bf5 16. Bxf5 gxf5 17. Qf4 Nd7 18. Re3 Rfe8 19. Rg3 Kh8 20. Qxd6 1-0